[Event "Santiago IRT 9th"]
[Site "Santiago de Chile"]
[Date "2004.08.24"]
[Round "3.2"]
[White "Murillo, Leonardo"]
[Black "Tossi Duhamel, Claudio"]
[Result "1-0"]
[WhiteElo "1981"]
[BlackElo "2043"]
[PlyCount "43"]
[EventDate "2004.08.19"]
[EventType "tourn"]
[EventRounds "9"]
[EventCountry "CHI"]
[SourceTitle "EXT 2005"]
[Source "ChessBase"]
[SourceDate "2004.11.15"]
[SourceVersion "1"]
[SourceVersionDate "2004.11.15"]
[SourceQuality "1"]

1. d4 Nf6 2. c4 d5 3. Nf3 e6 4. Nc3 Bb4 5. Bd2 0-0 6. e3 c6 7. a3 Bxc3 8. Bxc3 Nbd7 9. Rc1 Re8 10. Bd3 dxc4 11. Bxc4 Ne4 12. 0-0 Ndf6 13. Ba2 Qb6 14. Bb1 Bd7 15. Ne5 Rad8 16. Qc2 Nxc3 17. Qxc3 Bc8 18. Qc2 g6 19. g4 Qb5 20. h4 Nxg4 21. Nxg4 Qh5 22. Nf6+ 1-0

[Event "Santiago IRT 9th"]
[Site "Santiago de Chile"]
[Date "2004.08.19"]
[Round "2"]
[White "Andueza Quezada, Danilo"]
[Black "Murillo, Leonardo"]
[Result "1/2-1/2"]
[WhiteElo "2087"]
[BlackElo "1984"]
[PlyCount "107"]
[EventDate "2004.08.19"]
[EventType "tourn"]
[EventRounds "9"]
[EventCountry "CHI"]
[SourceTitle "EXT 2005"]
[Source "ChessBase"]
[SourceDate "2004.11.15"]
[SourceVersion "1"]
[SourceVersionDate "2004.11.15"]
[SourceQuality "1"]

1. Nf3 Nf6 2. d4 e6 3. c4 Bb4+ 4. Bd2 Bxd2+ 5. Qxd2 d5 6. Nc3 Nbd7 7. e3 b6 8. cxd5 exd5 9. Bb5 Bb7 10. Ne5 a6 11. Bc6 Bxc6 12. Nxc6 Qc8 13. 0-0 Qb7 14. Ne5 0-0 15. f4 Rad8 16. Rf3 Ne4 17. Nxe4 dxe4 18. Rh3 Qd5 19. Qe2 f6 20. Qh5 h6 21. Nxd7 Rxd7 22. Qg6 Kh8 23. f5 c5 24. dxc5 bxc5 25. b3 Qe5 26. Rf1 Qb2 27. Rh4 Qxa2 28. Rxe4 Qxb3 29. Qg4 Rfd8 30. Qg6 Qf7 31. Qxf7 Rxf7 32. Ra1 Rd6 33. Re8+ Kh7 34. Ra8 Re7 35. R1xa6 Rxa6 36. Rxa6 Rxe3 37. Kf2 Re5 38. g4 h5 39. h3 Kh6 40. Ra7 Rd5 41. Rc7 hxg4 42. hxg4 Rd2+ 43. Kg3 Rc2 44. Rc8 Kh7 45. Kf4 c4 46. g5 fxg5+ 47. Kxg5 c3 48. Rc7 Kg8 49. Rc8+ Kf7 50. Rc7+ Kf8 51. f6 Rg2+ 52. Kf4 gxf6 53. Rxc3 Kg7 54. Kf3 1/2-1/2

[Event "Santiago IRT 9th"]
[Site "Santiago de Chile"]
[Date "2004.08.17"]
[Round "1"]
[White "Murillo, Leonardo"]
[Black "Gonzalez, Humberto"]
[Result "1-0"]
[WhiteElo "1984"]
[BlackElo "1763"]
[PlyCount "68"]
[EventDate "2004.08.19"]
[EventType "tourn"]
[EventRounds "9"]
[EventCountry "CHI"]
[SourceTitle "EXT 2005"]
[Source "ChessBase"]
[SourceDate "2004.11.15"]
[SourceVersion "1"]
[SourceVersionDate "2004.11.15"]
[SourceQuality "1"]

1. d4 Nf6 2. Nf3 g6 3. g3 Bg7 4. Bg2 0-0 5. 0-0 d5 6. c3 Nbd7 7. Nbd2 Re8 8. e4 Nxe4 9. Nxe4 dxe4 10. Ng5 c5 11. Qb3 e6 12. dxc5 Nxc5 13. Qb5 Qe7 14. Be3 b6 15. Bxc5 bxc5 16. Nxe4 Bb7 17. Qxc5 Rab8 18. Rab1 Bxe4 19. Qxe7 Rxe7 20. Bxe4 Rd7 21. Bc2 Rd2 22. Bb3 a5 23. Rfc1 a4 24. Rc2 Bh6 25. Bxa4 e5 26. c4 e4 27. Rxd2 Bxd2 28. Kf1 e3 29. fxe3 Bxe3 30. b4 Bd2 31. Bb5 Rb6 32. a4 Rf6+ 33. Ke2 Bc3 34. a5 Bd4 1-0

[Event "Santiago CALF op"]
[Site "Santiago de Chile"]
[Date "2004.05.01"]
[Round "2"]
[White "Murillo, Leonardo"]
[Black "Contreras, Miguel"]
[Result "1-0"]
[WhiteElo "1984"]
[BlackElo "2072"]
[PlyCount "45"]
[EventDate "2004.06.21"]
[EventType "swiss"]
[EventRounds "9"]
[EventCountry "CHI"]
[SourceTitle "EXT 2005"]
[Source "ChessBase"]
[SourceDate "2004.11.15"]
[SourceVersion "1"]
[SourceVersionDate "2004.11.15"]
[SourceQuality "1"]

1. e4 e5 2. Nf3 Nc6 3. c3 d5 4. Bb5 dxe4 5. Nxe5 Qd5 6. Qa4 Nge7 7. Nxc6 Nxc6 8. 0-0 Bd7 9. Re1 f5 10. d3 Ne5 11. Bxd7+ Qxd7 12. Qxd7+ Kxd7 13. dxe4 Nd3 14. Rd1 fxe4 15. Nd2 c5 16. c4 Ne5 17. Nxe4+ Kc6 18. b3 Re8 19. f3 g5 20. Bxg5 Bg7 21. Rd6+ Kc7 22. Rad1 Kc8 23. Nxc5 1-0

[Event "La Florida CALF op"]
[Site "La Florida"]
[Date "2003.??.??"]
[Round "6.5"]
[White "Murillo, Leonardo"]
[Black "Cortes, Alejandro"]
[Result "0-1"]
[WhiteElo "2030"]
[BlackElo "1981"]
[PlyCount "120"]
[EventDate "2003.09.27"]
[EventType "swiss"]
[EventRounds "6"]
[EventCountry "CHI"]
[SourceTitle "CBM 097 Extra"]
[Source "ChessBase"]
[SourceDate "2004.01.13"]
[SourceVersion "1"]
[SourceVersionDate "2004.01.13"]
[SourceQuality "1"]

1. c4 c6 2. d3 d5 3. cxd5 cxd5 4. Nf3 Nf6 5. e3 Bg4 6. Be2 e6 7. Qa4+ Qd7 8. Qxd7+ Nbxd7 9. d4 Bd6 10. Nc3 a6 11. h3 Bh5 12. g4 Bg6 13. 0-0 0-0 14. Nd2 h5 15. g5 Ne8 16. e4 dxe4 17. Ndxe4 Rc8 18. Nxd6 Nxd6 19. Bf4 Nf5 20. Rfd1 Nb8 21. d5 exd5 22. Rxd5 Nc6 23. Rad1 Nfd4 24. R5xd4 Nxd4 25. Rxd4 Rfd8 26. Rb4 b5 27. Bf3 Rc4 28. Rxc4 bxc4 29. Nd5 Re8 30. Ne3 Be4 31. Bxh5 g6 32. Bg4 Bd3 33. f3 Kg7 34. Kf2 f5 35. gxf6+ Kxf6 36. Nd5+ Kf7 37. Be3 Rb8 38. Bc1 Re8 39. Nf4 Kf6 40. Nd5+ Kf7 41. Ne3 Re7 42. Ke1 Re5 43. Kd2 Ra5 44. a3 Rb5 45. f4 a5 46. Be2 c3+ 47. bxc3 Bxe2 48. Kxe2 Rh5 49. Bd2 Rxh3 50. c4 Rh5 51. Nd5 Rh3 52. Be3 Ke6 53. Kd3 Rh2 54. a4 Ra2 55. Nc3 Ra1 56. Bb6 Rf1 57. Bc7 Kd7 58. Nd5 Ra1 59. Bxa5 Kc6 60. Nc3 Rf1 0-1